Coleccion Trabajos Clave (Registro nro. 1452)
[ vista simple ]
| 000 -LEADER | |
|---|---|
| fixed length control field | 00644nas a22001937a 4500 |
| 008 - CAMPO DE CONTROL RECURSOS CONTINUADOS | |
| fixed length control field | 130522t20109999ag ||||| |||| 00| 0 spa d |
| 245 ## - TITULO | |
| Titulo | Coleccion Trabajos Clave |
| 260 ## - PUBLICACION, DISTRIBUCION, ETC. (PIE DE IMPRENTA) | |
| Lugar de publicación, distribución, etc | Buenos Aires, |
| Nombre de la editorial, distribuidor, etc. | Sociedad Iberoamericana de Informacion Cientifica: |
| Fecha de publicación | 2010 |
| 300 ## - DESCRIPCION FISICA | |
| Extensión | v. : |
| 440 ## - MENCION DE SERIE - TITULO CON ENTRADA SEC. | |
| Title | Dermatitis Atopica |
| 9 (RLIN) | 2354 |
| 546 ## - NOTA DE IDIOMA | |
| Nota de lenguaje | español |
| 590 ## - NOTAS LOCALES (RLIN) | |
| Nota local | Indizada en: SIIC Data Bases |
| 590 ## - NOTAS LOCALES (RLIN) | |
| Nota local | Existencias: 2010 (1 ejemplar) |
| 650 ## - MATERIA-TERMINO TEMATICO | |
| Término temático | DERMATITIS ATOPICA |
| 9 (RLIN) | 2355 |
| 650 ## - MATERIA-TERMINO TEMATICO | |
| Término temático | OSTEOPOROSIS Y CORTICOESTEROIDES |
| 9 (RLIN) | 2356 |
| 650 ## - MATERIA-TERMINO TEMATICO | |
| Término temático | OSTEOPOROSIS CORTICOIDEA |
| 9 (RLIN) | 2357 |
| 856 ## - LOCALIZACION ELECTRONICA Y ACCESO | |
| Identificador Uniforme de Recurso (URI) | <a href="http://www.siicsalud.com/lmr/siicdatabases.php">http://www.siicsalud.com/lmr/siicdatabases.php</a> |
| 942 ## - ADDED ENTRY ELEMENTS (KOHA) | |
| Source of classification or shelving scheme | Dewey Decimal Classification |
| Item type | Continuing Resources |
No hay ítems disponibles.